• 首页
  • 本馆介绍
  • 公告通知
  • 最新文献
  • 馆藏检索
  • 电子资源
  • 读者导购
  • 参考咨询
  • 我的图书馆
  • 登录
  • 详细信息显示
  • 放入我的书架
  • 预约/预借图书
  • 作者相关作品
  • 分类相关作品
  • 丛书相关作品
  • 出版社相关作品

书目信息

  • 表格格式
  • 工作单格式
  • 卡片格式
题名:
财务成本管理
    
 
作者: ;中国注册会计师协会 编
分册:  
出版信息: 北京   中国财政经济出版社  2013
页数: 511页
开本: 26cm
丛书名:
单 册:
中图分类: F275.3
科图分类:
主题词: 企业管理--成本管理--资格考试--自学参考资料
电子资源:
ISBN: 978-7-5095-4348-1
000 00964nam0 2200265 450
001 338789
005 20150603152511.35
010    @a978-7-5095-4348-1@dCNY49.00
100    @a20131127d2013 em y0chiy50 ea
101 0  @achi
102    @aCN@b110000
105    @ay z 000yy
106    @ar
200 1  @a财务成本管理@Acai wu cheng ben guan li@f中国注册会计师协会编
210    @a北京@c中国财政经济出版社@d2013
215    @a511页@d26cm
300    @a2013年度注册会计师全国统一考试辅导教材
312    @a封面英文题名:Financial management and cost management
330    @a本书共分七个部分, 内容包括: 财务管理导论、财务估价、长期投资、长期筹资、营运资本管理、成本会计、管理会计。
510 1  @aFinancial management and cost management@zeng
606 0  @a企业管理@x成本管理@x资格考试@j自学参考资料
690    @aF275.3@v5
711 02 @a中国注册会计师协会@Azhong guo zhu ce kuai ji shi xie hui@4编
801  0 @aCN@b卓展宏图@c20150525
905    @dF275.3@e1222@f5
    
    财务成本管理/中国注册会计师协会编.-北京:中国财政经济出版社,2013
    511页;26cm
    2013年度注册会计师全国统一考试辅导教材
    
    ISBN 978-7-5095-4348-1:CNY49.00
    本书共分七个部分, 内容包括: 财务管理导论、财务估价、长期投资、长期筹资、营运资本管理、成本会计、管理会计。
●
相关链接 在E读中查询图书 在五车中查询图书 在当当中查询图书 在豆瓣中查询图书


正题名:财务成本管理     索取号:F275.3/1222         预约/预借

序号 登录号 条形码 馆藏地/架位号 状态 备注
1 860543   208605437   第一样本阅览室/ [索取号:F275.3/1222] 在馆    
2 860544   208605446   第一借阅区/ [索取号:F275.3/1222] 在馆    
3 860545   208605455   第一借阅区/ [索取号:F275.3/1222] 在馆    
4 860546   208605464   第一借阅区/ [索取号:F275.3/1222] 在馆    
5 860547   208605473   密集书库-海洋学院/ [索取号:F275.3/1222] 在馆    
唐山师范学院图书馆 欢迎您!
大连网信软件有限公司© 版权所有